[Event "Berlin Lichtenberger op 18th"]
[Site "Berlin"]
[Date "2019.08.20"]
[Round "4"]
[White "Jansen, Robert"]
[Black "Heuser, Philip"]
[Result "0-1"]
[WhiteElo "1746"]
[BlackElo "2064"]
[PlyCount "72"]
[EventDate "2019.08.17"]
[EventType "swiss"]
[EventRounds "9"]
[EventCountry "GER"]
[SourceTitle "EXT 2020"]
[Source "ChessBase"]
[SourceDate "2019.10.17"]
[SourceVersion "1"]
[SourceVersionDate "2019.10.17"]
[SourceQuality "1"]

1. d4 Nf6 2. c4 e6 3. Nc3 d5 4. e3 c6 5. Nf3 Nbd7 6. cxd5 exd5 7. Bd3 Bd6 8. 0-0 0-0 9. Re1 Re8 10. e4 dxe4 11. Nxe4 Nxe4 12. Rxe4 Rxe4 13. Bxe4 Qe7 14. Bc2 Nb6 15. Bg5 f6 16. Qd3 g6 17. Re1 Qf7 18. Bh6 Bf5 19. Qb3 Bxc2 20. Qxc2 Qxa2 21. g4 Qd5 22. Qd3 Nd7 23. h4 Ne5 24. Nxe5 Bxe5 25. Be3 Bd6 26. Bh6 Rd8 27. Qe3 Bf8 28. Bxf8 Rxf8 29. Rd1 Rd8 30. Qe7 Qd7 31. Qxf6 Qxg4+ 32. Kh2 Rf8 33. f3 Qxf3 34. Qe6+ Qf7 35. Qe5 Qf2+ 36. Kh3 Rf3+ 0-1

[Event "Berlin Lichtenberger op 18th"]
[Site "Berlin"]
[Date "2019.08.18"]
[Round "2"]
[White "Jansen, Robert"]
[Black "Ettel, Ralf"]
[Result "1-0"]
[WhiteElo "1746"]
[BlackElo "1471"]
[PlyCount "129"]
[EventDate "2019.08.17"]
[EventType "swiss"]
[EventRounds "9"]
[EventCountry "GER"]
[SourceTitle "EXT 2020"]
[Source "ChessBase"]
[SourceDate "2019.10.17"]
[SourceVersion "1"]
[SourceVersionDate "2019.10.17"]
[SourceQuality "1"]

1. d4 Nf6 2. c4 e6 3. Nc3 c5 4. e3 cxd4 5. exd4 g6 6. Bd3 Bg7 7. Nge2 0-0 8. 0-0 Nc6 9. a3 d5 10. Bg5 a6 11. Qd2 dxc4 12. Bxc4 b5 13. Ba2 Ne7 14. Rad1 Bb7 15. Bh6 Bxh6 16. Qxh6 Nf5 17. Qh3 Qc7 18. Ng3 Nxg3 19. hxg3 Qc6 20. f3 Rad8 21. Qh4 Nh5 22. g4 Nf4 23. g3 Nd5 24. Ne4 f5 25. gxf5 exf5 26. Ng5 Rd7 27. Rfe1 Qc2 28. Qh2 Qxh2+ 29. Kxh2 Rc8 30. Rc1 Rxc1 31. Rxc1 h6 32. Ne6 Rd6 33. Nc5 Ba8 34. Re1 Kf7 35. Nd3 Kf6 36. Nc5 Nc7 37. f4 Rxd4 38. Nxa6 Rd2+ 39. Kg1 Nd5 40. Nc5 Nc7 41. Re3 Bc6 42. Rd3 Rxd3 43. Nxd3 Be4 44. Nc5 Bc6 45. Kf2 g5 46. fxg5+ hxg5 47. Nd3 Be4 48. Nc5 Bc6 49. Ke3 Ke7 50. Nd3 Kd6 51. Bg8 Bd5 52. Bh7 Be6 53. Kd4 Nd5 54. Nc5 Bc8 55. Nd3 Nf6 56. Bg6 Ne4 57. g4 Ng3 58. gxf5 Nxf5+ 59. Ke4 Nh4 60. Bh7 Bb7+ 61. Ke3 Ng2+ 62. Kf2 Nh4 63. Kg3 Bc8 64. Nf2 Ke5 65. Bd3 1-0

[Event "Berlin Lichtenberger op 16th"]
[Site "Berlin"]
[Date "2017.08.26"]
[Round "8"]
[White "Jansen, Robert"]
[Black "Nimptsch, Nikolas"]
[Result "1-0"]
[WhiteElo "1783"]
[BlackElo "1379"]
[PlyCount "85"]
[EventDate "2017.08.19"]
[EventType "swiss"]
[EventRounds "9"]
[EventCountry "GER"]
[SourceTitle "CBM 180 Extra"]
[Source "ChessBase"]
[SourceDate "2017.10.06"]
[SourceVersion "1"]
[SourceVersionDate "2017.10.06"]
[SourceQuality "1"]

1. d4 Nf6 2. c4 e6 3. Nc3 b6 4. e3 Bb7 5. Nf3 Be7 6. Bd3 0-0 7. 0-0 d6 8. Re1 Nbd7 9. e4 c5 10. d5 a6 11. a3 Qc7 12. b3 exd5 13. exd5 Rfe8 14. Qc2 Bf8 15. Bg5 g6 16. Qd2 Bg7 17. Rac1 Ng4 18. Bb1 Nde5 19. Nxe5 Nxe5 20. Ne4 Nd7 21. Qf4 Be5 22. Qh4 b5 23. Re3 f5 24. Rh3 Nf8 25. Nf6+ Bxf6 26. Bxf6 bxc4 27. bxc4 Qa5 28. Bc3 Qd8 29. Qh6 Qe7 30. Re3 Qf7 31. Rce1 Rxe3 32. Qxe3 Rd8 33. Bc2 Bc8 34. Ba4 Bd7 35. Bxd7 Nxd7 36. Qe7 Qf8 37. Qe6+ Qf7 38. Qxd6 Re8 39. Rxe8+ Qxe8 40. h3 Qc8 41. Qe6+ Kf8 42. Bf6 Qe8 43. Bg7+ 1-0

[Event "Berlin Lichtenberger op 16th"]
[Site "Berlin"]
[Date "2017.08.21"]
[Round "3"]
[White "Buttkus, Andree"]
[Black "Jansen, Robert"]
[Result "1-0"]
[WhiteElo "2031"]
[BlackElo "1783"]
[PlyCount "87"]
[EventDate "2017.08.19"]
[EventType "swiss"]
[EventRounds "9"]
[EventCountry "GER"]
[SourceTitle "CBM 180 Extra"]
[Source "ChessBase"]
[SourceDate "2017.10.06"]
[SourceVersion "1"]
[SourceVersionDate "2017.10.06"]
[SourceQuality "1"]

1. e4 e5 2. Nf3 Nc6 3. Bc4 Nf6 4. d3 Bc5 5. c3 d6 6. Bb3 Bg4 7. h3 Bh5 8. Nbd2 d5 9. Qe2 d4 10. Nf1 h6 11. Ng3 Bg6 12. Nh4 Qd7 13. Nhf5 0-0-0 14. Bc2 Bxf5 15. Nxf5 g6 16. Ng3 Ne8 17. Qg4 Nd6 18. Qxd7+ Rxd7 19. a3 a6 20. b4 Ba7 21. c4 Ne7 22. Bb3 f5 23. c5 Nb5 24. Be6 Nc3 25. exf5 g5 26. 0-0 Ned5 27. Re1 Nf4 28. Bxf4 exf4 29. Ne4 Kd8 30. Bxd7 Kxd7 31. Nxc3 dxc3 32. Rac1 Rf8 33. Re5 c6 34. Rxc3 Bb8 35. Re6 Rxf5 36. Rxh6 Re5 37. Kf1 a5 38. Rc4 Rd5 39. Rh7+ Ke6 40. Rxb7 Be5 41. Ke2 Bb2 42. bxa5 Bxa3 43. a6 Rd8 44. Rb3 1-0

[Event "Berlin Lichtenberger op 16th"]
[Site "Berlin"]
[Date "2017.08.19"]
[Round "1"]
[White "Syre, Christian"]
[Black "Jansen, Robert"]
[Result "1-0"]
[WhiteElo "2208"]
[BlackElo "1783"]
[PlyCount "39"]
[EventDate "2017.08.19"]
[EventType "swiss"]
[EventRounds "9"]
[EventCountry "GER"]
[SourceTitle "CBM 180 Extra"]
[Source "ChessBase"]
[SourceDate "2017.10.06"]
[SourceVersion "1"]
[SourceVersionDate "2017.10.06"]
[SourceQuality "1"]

1. d4 d5 2. c4 c6 3. Nf3 e6 4. Nc3 Nf6 5. Bg5 Nbd7 6. cxd5 exd5 7. e3 Qa5 8. Bd3 Ne4 9. 0-0 Nxc3 10. bxc3 Qxc3 11. Qe2 h6 12. e4 hxg5 13. exd5+ Be7 14. d6 0-0 15. dxe7 Re8 16. Nxg5 Nf6 17. Bc4 Bg4 18. Bxf7+ Kh8 19. Qe5 Rec8 20. Ne4 1-0

[Event "Berlin-ch QT"]
[Site "Berlin"]
[Date "2017.04.12"]
[Round "4"]
[White "Steiger, Michael"]
[Black "Jansen, Robert"]
[Result "1/2-1/2"]
[WhiteElo "2011"]
[BlackElo "1784"]
[PlyCount "39"]
[EventDate "2017.04.09"]
[EventType "swiss"]
[EventRounds "9"]
[EventCountry "GER"]
[SourceTitle "CBM 189 Extra"]
[Source "ChessBase"]
[SourceDate "2019.05.31"]
[SourceVersion "1"]
[SourceVersionDate "2019.05.31"]
[SourceQuality "1"]

1. Nf3 d5 2. d4 e6 3. c4 c6 4. Qc2 Nf6 5. g3 Nbd7 6. Bg2 Be7 7. 0-0 0-0 8. Rd1 Ne4 9. Nfd2 f5 10. Nxe4 fxe4 11. f3 exf3 12. Bxf3 Kh8 13. b3 c5 14. cxd5 exd5 15. dxc5 Bxc5+ 16. Kg2 d4 17. Ba3 Bxa3 18. Nxa3 Qf6 19. Nc4 Nc5 20. Qd2 1/2-1/2

[Event "Berlin-ch QT"]
[Site "Berlin"]
[Date "2017.04.09"]
[Round "1"]
[White "Jansen, Robert"]
[Black "Mahler, Sonja"]
[Result "1-0"]
[WhiteElo "1784"]
[BlackElo "1546"]
[PlyCount "58"]
[EventDate "2017.04.09"]
[EventType "swiss"]
[EventRounds "9"]
[EventCountry "GER"]
[SourceTitle "CBM 189 Extra"]
[Source "ChessBase"]
[SourceDate "2019.05.31"]
[SourceVersion "1"]
[SourceVersionDate "2019.05.31"]
[SourceQuality "1"]

1. d4 d5 2. c4 c6 3. e3 Bf5 4. Qb3 Qc7 5. cxd5 a6 6. Nc3 Nf6 7. Nf3 Nbd7 8. Ng5 Bg6 9. Be2 cxd5 10. 0-0 e6 11. Bd2 h5 12. Rac1 Qb8 13. f4 Be7 14. Bf3 Ng4 15. h3 Bxg5 16. hxg4 hxg4 17. Bxg4 Bd3 18. Nxd5 Bxf1 19. Nc7+ Kd8 20. Nxa8 Bxg2 21. Kxg2 Bxf4 22. exf4 Qxa8 23. Bf3 Qa7 24. Be3 b5 25. d5 Qb8 26. dxe6 fxe6 27. Qd3 Ke7 28. Qg6 Qf8 29. Qg5+ Kf7 1-0

[Event "Berlin Spandau op 2nd"]
[Site "Berlin"]
[Date "2016.12.29"]
[Round "5"]
[White "Schulz, Michael"]
[Black "Jansen, Robert"]
[Result "1-0"]
[WhiteElo "2141"]
[BlackElo "1790"]
[PlyCount "55"]
[EventDate "2016.12.27"]
[EventType "swiss"]
[EventRounds "7"]
[EventCountry "GER"]
[SourceTitle "CBM 176 Extra"]
[Source "ChessBase"]
[SourceDate "2017.03.02"]
[SourceVersion "1"]
[SourceVersionDate "2017.03.02"]
[SourceQuality "1"]

1. d4 Nf6 2. Bg5 c5 3. d5 d6 4. Nc3 e6 5. e4 Be7 6. Bb5+ Bd7 7. dxe6 fxe6 8. Bxd7+ Qxd7 9. Nf3 e5 10. Nd5 Nc6 11. Bxf6 gxf6 12. Nh4 0-0-0 13. Nf5 Qe6 14. c3 Rd7 15. Qb3 Kb8 16. Ndxe7 Qxb3 17. Nxc6+ bxc6 18. axb3 d5 19. f3 d4 20. Ra5 Rb7 21. Ra3 Rd8 22. c4 Kc7 23. Kd2 Rdb8 24. Kc2 h5 25. g3 Kb6 26. Rha1 Ra8 27. Ra6+ Kc7 28. Ne7 1-0

[Event "Berlin Lichtenrade op 12th"]
[Site "Berlin"]
[Date "2016.10.22"]
[Round "1"]
[White "Jansen, Robert"]
[Black "Roesemann, Rainer"]
[Result "0-1"]
[WhiteElo "1795"]
[BlackElo "2282"]
[PlyCount "98"]
[EventDate "2016.10.22"]
[EventType "swiss"]
[EventRounds "9"]
[EventCountry "GER"]
[SourceTitle "EXT 2018"]
[Source "ChessBase"]
[SourceDate "2017.10.13"]
[SourceVersion "1"]
[SourceVersionDate "2017.10.13"]
[SourceQuality "1"]

1. d4 Nf6 2. c4 c5 3. d5 b5 4. cxb5 a6 5. b6 Qxb6 6. Nc3 d6 7. e4 g6 8. Bc4 Bg7 9. Qd3 0-0 10. Nf3 a5 11. 0-0 a4 12. Bd2 Nbd7 13. h3 Qa7 14. Rfe1 Nb6 15. b3 axb3 16. axb3 Qxa1 17. Rxa1 Rxa1+ 18. Kh2 Nxc4 19. bxc4 Ba6 20. e5 Nd7 21. exd6 exd6 22. Ne4 Nb6 23. Nxd6 Nxc4 24. Nxc4 Ra4 25. Be3 Bxc4 26. Qc2 Rfa8 27. d6 Bf8 28. Bxc5 Bd5 29. Qd1 Bxf3 30. gxf3 R4a6 31. Qd5 Bxd6+ 32. Bxd6 Rd8 33. f4 Raxd6 34. Qe5 Rd2 35. Kg3 R8d5 36. Qb8+ Kg7 37. Qb4 h5 38. f3 R2d4 39. Qc3 Kh7 40. Qc7 Rf5 41. h4 Rdxf4 42. Qxf4 Rxf4 43. Kxf4 f6 44. Kg3 g5 45. hxg5 fxg5 46. Kh3 Kg6 47. Kg3 Kf5 48. Kf2 Kf4 49. Kg2 h4 0-1

[Event "Berlin Kreuzberg op"]
[Site "Berlin"]
[Date "2016.07.22"]
[Round "7"]
[White "Shapiro, Yosip"]
[Black "Jansen, Robert"]
[Result "1-0"]
[WhiteElo "2099"]
[BlackElo "1792"]
[PlyCount "135"]
[EventDate "2016.07.16"]
[EventType "swiss"]
[EventRounds "9"]
[EventCountry "GER"]
[SourceTitle "CBM 173 Extra"]
[Source "ChessBase"]
[SourceDate "2016.08.29"]
[SourceVersion "1"]
[SourceVersionDate "2016.08.29"]
[SourceQuality "1"]

1. c4 e6 2. g3 d5 3. Bg2 Nf6 4. Nf3 Nc6 5. d4 Bb4+ 6. Nc3 Ne4 7. Qc2 f5 8. 0-0 0-0 9. c5 Bxc3 10. bxc3 Qf6 11. Bf4 Qe7 12. h4 h6 13. Qc1 Kh7 14. Ne5 Bd7 15. f3 Nf6 16. Qc2 Nh5 17. Nxc6 Bxc6 18. Be5 g6 19. g4 Nf6 20. h5 Be8 21. Bh3 Rg8 22. Kh2 Bf7 23. hxg6+ Rxg6 24. gxf5 Rg5 25. Rg1 Rag8 26. Rxg5 Rxg5 27. Rg1 Rxg1 28. Kxg1 Kg7 29. e3 c6 30. Qg2+ Kh7 31. Qg3 Nh5 32. Qg4 exf5 33. Qxf5+ Bg6 34. Qd7 Qxd7 35. Bxd7 Bb1 36. a3 Kg6 37. Bb8 a5 38. Bc8 Bd3 39. Bxb7 Bb5 40. e4 Nf6 41. e5 Nd7 42. Bd6 Kf7 43. Bc8 Nf8 44. f4 Ke8 45. Bf5 Kf7 46. Kf2 Ng6 47. Kg3 Ne7 48. Bd7 a4 49. f5 Ng8 50. Be6+ Kg7 51. f6+ Nxf6 52. exf6+ Kxf6 53. Bd7 Kg6 54. Kh4 Kg7 55. Be5+ Kg6 56. Kg4 Be2+ 57. Kf4 Bb5 58. Be8+ Kh7 59. Kf5 Kg8 60. Kg6 Kf8 61. Bf7 Ke7 62. Bd6+ Kd7 63. Kf6 Kc8 64. Bf4 Kd7 65. Bxh6 Kc8 66. Ke7 Kb7 67. Kd6 Kc8 68. Be8 1-0

[Event "Berlin Kreuzberg op"]
[Site "Berlin"]
[Date "2016.07.18"]
[Round "3"]
[White "Thesing, Ansgar"]
[Black "Jansen, Robert"]
[Result "1-0"]
[WhiteElo "2009"]
[BlackElo "1792"]
[PlyCount "89"]
[EventDate "2016.07.16"]
[EventType "swiss"]
[EventRounds "9"]
[EventCountry "GER"]
[SourceTitle "CBM 173 Extra"]
[Source "ChessBase"]
[SourceDate "2016.08.29"]
[SourceVersion "1"]
[SourceVersionDate "2016.08.29"]
[SourceQuality "1"]

1. e4 e5 2. Nf3 Nc6 3. Bb5 a6 4. Ba4 b5 5. Bb3 Nf6 6. 0-0 Be7 7. Re1 0-0 8. a4 Na5 9. Nxe5 Nxb3 10. cxb3 b4 11. d3 Bb7 12. Qc2 c5 13. Nd2 d5 14. Nf1 Rc8 15. Ng3 Bd6 16. Nf3 Bb8 17. e5 Nd7 18. e6 fxe6 19. Rxe6 d4 20. Bg5 Nf6 21. Rae1 h6 22. Bxf6 gxf6 23. Nf5 Rc7 24. Re7 Bxf3 25. gxf3 Kh8 26. Qd2 Rxe7 27. Rxe7 Rg8+ 28. Kf1 Rg5 29. Qe2 Qg8 30. Ng3 Re5 31. Rxe5 Bxe5 32. Qd2 Kh7 33. f4 Bc7 34. Qe2 Qf7 35. Qe4+ Kh8 36. Qa8+ Kh7 37. Qxa6 Bxf4 38. Qc4 Qe7 39. Qd5 Be5 40. Qe4+ Kh8 41. Nf5 Qd7 42. a5 Qc8 43. Qg4 Qf8 44. Qg6 Bf4 45. a6 1-0

[Event "Berlin Lichtenrade op 11th"]
[Site "Berlin"]
[Date "2015.10.24"]
[Round "1"]
[White "Jansen, Robert"]
[Black "Rietze, Clemens"]
[Result "0-1"]
[WhiteElo "1774"]
[BlackElo "2279"]
[PlyCount "52"]
[EventDate "2015.10.24"]
[EventType "swiss"]
[EventRounds "9"]
[EventCountry "GER"]
[SourceTitle "CBM 169 Extra"]
[Source "ChessBase"]
[SourceDate "2015.12.18"]
[SourceVersion "1"]
[SourceVersionDate "2015.12.18"]
[SourceQuality "1"]

1. d4 f5 2. Bg5 g6 3. Nc3 Bg7 4. Nf3 Nf6 5. Qd2 Ne4 6. Nxe4 fxe4 7. Nh4 d5 8. f3 h6 9. Nxg6 hxg5 10. Nxh8 Bxh8 11. Qxg5 Be6 12. Qh5+ Kd7 13. fxe4 Qg8 14. exd5 Bg4 15. Qh4 Bxd4 16. 0-0-0 Qg7 17. Rxd4 Qxd4 18. h3 Qe3+ 19. Kb1 Bf5 20. Qa4+ c6 21. dxc6+ Nxc6 22. Qb5 Be4 23. Qc4 Qd2 24. b3 Nd4 25. Kb2 Rc8 26. Qa4+ b5 0-1

[Event "Berlin Lichtenberger op 14th"]
[Site "Berlin"]
[Date "2015.08.20"]
[Round "6"]
[White "Eichstaedt, Torsten"]
[Black "Jansen, Robert"]
[Result "0-1"]
[WhiteElo "1302"]
[BlackElo "1757"]
[PlyCount "46"]
[EventDate "2015.08.15"]
[EventType "swiss"]
[EventRounds "9"]
[EventCountry "GER"]
[SourceTitle "EXT 2016"]
[Source "ChessBase"]
[SourceDate "2015.10.08"]
[SourceVersion "1"]
[SourceVersionDate "2015.10.08"]
[SourceQuality "1"]

1. e4 e5 2. Nf3 Nc6 3. d4 exd4 4. Nxd4 Bc5 5. Nxc6 Qf6 6. Qe2 Qxc6 7. g3 Ne7 8. Bg2 0-0 9. 0-0 Qg6 10. Qc4 d6 11. b4 Bb6 12. Bb2 Nc6 13. Nd2 Be6 14. Qc3 a5 15. b5 Ne5 16. a4 Rac8 17. Nf3 Nxf3+ 18. Bxf3 c6 19. Bh5 Qh6 20. Qf3 g5 21. Rab1 cxb5 22. axb5 f6 23. g4 Bc5 0-1

[Event "Berlin-ch QT"]
[Site "Berlin"]
[Date "2015.04.06"]
[Round "4"]
[White "Baranowsky, Peter"]
[Black "Jansen, Robert"]
[Result "1/2-1/2"]
[WhiteElo "2006"]
[BlackElo "1738"]
[PlyCount "81"]
[EventDate "2015.04.03"]
[EventType "swiss"]
[EventRounds "9"]
[EventCountry "GER"]
[SourceTitle "EXT 2022"]
[Source "ChessBase"]
[SourceDate "2021.10.06"]
[SourceVersion "1"]
[SourceVersionDate "2021.10.06"]
[SourceQuality "1"]

1. d4 d5 2. Nf3 e6 3. c4 c6 4. Nc3 Nf6 5. Bg5 Nbd7 6. e3 Qa5 7. Qd2 Bb4 8. cxd5 Ne4 9. Qc1 Nxc3 10. a3 Ne4+ 11. axb4 Qxb4+ 12. Ke2 exd5 13. Bh4 Ndf6 14. Ne5 Nd7 15. Nd3 Qb6 16. f3 Nef6 17. Be1 Qc7 18. Bg3 Qd8 19. Bd6 Nb6 20. Bb4 Be6 21. Nc5 Qc7 22. Kf2 Nc8 23. Nd3 Ne7 24. b3 0-0 25. Qa3 Rfe8 26. Bd6 Qd8 27. Be2 Nf5 28. Be5 Nd7 29. Bf4 h6 30. Qc1 Qf6 31. Be5 Nxe5 32. Nxe5 Nd6 33. Bd3 Ne4+ 34. Bxe4 dxe4 35. Qc3 exf3 36. Nxf3 Bd5 37. Rhf1 Bxf3 38. gxf3 Qh4+ 39. Kg2 Re6 40. Kh1 Qh3 41. Rf2 1/2-1/2

[Event "Berlin-ch QT"]
[Site "Berlin"]
[Date "2014.04.20"]
[Round "2"]
[White "Lange, Cecilia"]
[Black "Jansen, Robert"]
[Result "0-1"]
[WhiteElo "1527"]
[BlackElo "1748"]
[PlyCount "110"]
[EventDate "2014.04.19"]
[EventType "swiss"]
[EventRounds "9"]
[EventCountry "GER"]
[SourceTitle "EXT 2022"]
[Source "ChessBase"]
[SourceDate "2021.10.06"]
[SourceVersion "1"]
[SourceVersionDate "2021.10.06"]
[SourceQuality "1"]

1. e4 e5 2. Nf3 Nc6 3. Bc4 Nf6 4. d3 Bc5 5. c3 d6 6. 0-0 Bg4 7. Nbd2 Qd7 8. b4 Bb6 9. h3 Bh5 10. Re1 0-0 11. Nf1 d5 12. Bb3 d4 13. cxd4 Nxd4 14. Nxe5 Qe8 15. Nf3 Nxf3+ 16. gxf3 Bd4 17. Rb1 Qd7 18. Kh2 Bxf2 19. Re3 Bxe3 20. Bxe3 Rad8 21. d4 Nxe4 22. Rc1 Qd6+ 23. Kg2 Qg6+ 24. Kh2 Qf6 25. Kg2 Ng5 26. Bxg5 Qxg5+ 27. Ng3 c6 28. Rc2 Bg6 29. Rd2 Rfe8 30. d5 Bh5 31. Kf2 Qe3+ 32. Kg2 Bxf3+ 33. Qxf3 Qxd2+ 34. Qf2 Qxf2+ 35. Kxf2 cxd5 36. Bc2 d4 37. Nf1 d3 38. Bd1 d2 39. Ne3 Rd3 40. Ng2 Rxh3 41. a4 Rh1 42. Ne3 Rxd1 43. Nxd1 Re1 44. b5 Rxd1 45. Ke2 Ra1 46. Kxd2 Rxa4 47. Kc3 h5 48. Kb3 Rg4 49. Kc3 h4 50. Kd3 h3 51. Ke3 h2 52. Kf3 Rg6 53. Ke3 h1Q 54. Ke2 Qe4+ 55. Kd2 Rg3 0-1

[Event "Berlin-ch qualification"]
[Site "Berlin-Lichtenrade"]
[Date "2012.04.08"]
[Round "1.10"]
[White "Hoffmann, Peter"]
[Black "Jansen, Robert"]
[Result "1-0"]
[WhiteElo "2040"]
[BlackElo "1723"]
[PlyCount "55"]
[EventDate "2012.04.08"]
[EventType "swiss"]
[EventRounds "9"]
[EventCountry "GER"]
[SourceTitle "EXT 2022"]
[Source "ChessBase"]
[SourceDate "2021.10.06"]
[SourceVersion "1"]
[SourceVersionDate "2021.10.06"]
[SourceQuality "1"]

1. d4 d5 2. c4 e6 3. Nc3 Nf6 4. cxd5 exd5 5. Bg5 Be6 6. e3 c6 7. Bd3 Nbd7 8. Nge2 Be7 9. Nf4 0-0 10. Qc2 h6 11. Bh4 c5 12. Nxe6 fxe6 13. 0-0 Rc8 14. Rad1 Kh8 15. Qb1 e5 16. dxe5 Nxe5 17. Bf5 Rc6 18. Nxd5 Nxd5 19. Bxe7 Qxe7 20. Rxd5 Rcf6 21. Bh3 g5 22. Qe4 Re8 23. Rfd1 g4 24. Bxg4 Nxg4 25. Qxg4 Qg7 26. Qxg7+ Kxg7 27. Rxc5 b6 28. Rc7+ 1-0

[Event "Berlin-ch qualification"]
[Site "Berlin-Lichtenrade"]
[Date "2011.04.23"]
[Round "1.12"]
[White "Jansen, Robert"]
[Black "Von Loehneysen, Leonard"]
[Result "1/2-1/2"]
[WhiteElo "1723"]
[BlackElo "2043"]
[PlyCount "82"]
[EventDate "2011.04.23"]
[EventType "swiss"]
[EventRounds "9"]
[EventCountry "GER"]
[SourceTitle "EXT 2022"]
[Source "ChessBase"]
[SourceDate "2021.10.06"]
[SourceVersion "1"]
[SourceVersionDate "2021.10.06"]
[SourceQuality "1"]

1. d4 Nf6 2. c4 c5 3. d5 b5 4. cxb5 a6 5. Nc3 axb5 6. e4 b4 7. e5 bxc3 8. exf6 cxb2 9. Bxb2 Qa5+ 10. Qd2 Qxd2+ 11. Kxd2 gxf6 12. Ne2 Bh6+ 13. f4 d6 14. g3 Bb7 15. Nc3 e5 16. Bb5+ Ke7 17. Rhf1 Na6 18. Bc4 Nc7 19. Rad1 Rhb8 20. Kc2 Ba6 21. Bxa6 Rxa6 22. a3 Nb5 23. Nxb5 Rxb5 24. Rf3 Rab6 25. Rb1 e4 26. Re3 f5 27. a4 Rb4 28. a5 Ra6 29. Ra3 Kd7 30. Bc3 Rxb1 31. Kxb1 Kc7 32. Kc2 Bf8 33. h3 h5 34. Bf6 Ra7 35. Bc3 Be7 36. Kb3 Kb7 37. Ka4 h4 38. Be1 hxg3 39. Rxg3 Bf6 40. Rb3+ Kc7 41. h4 Bg7 1/2-1/2

[Event "Berlin qualification op"]
[Site "Berlin"]
[Date "2010.04.03"]
[Round "1"]
[White "Boettcher, Patrick"]
[Black "Jansen, Robert"]
[Result "1-0"]
[WhiteElo "2186"]
[BlackElo "1745"]
[PlyCount "81"]
[EventDate "2010.04.03"]
[EventType "swiss"]
[EventRounds "9"]
[EventCountry "GER"]
[SourceTitle "EXT 2012"]
[Source "ChessBase"]
[SourceDate "2011.11.24"]
[SourceVersion "1"]
[SourceVersionDate "2011.11.24"]
[SourceQuality "1"]

1. d4 d5 2. Nf3 e6 3. c4 c5 4. cxd5 exd5 5. Nc3 Nf6 6. Bg5 Be6 7. g3 Nc6 8. Bg2 h6 9. Bxf6 Qxf6 10. 0-0 Rd8 11. Rc1 a6 12. dxc5 Bxc5 13. Qa4 Ba7 14. Qa3 Bb8 15. Rfd1 Qe7 16. Qxe7+ Nxe7 17. Nd4 0-0 18. Na4 b5 19. Nxe6 fxe6 20. Nc5 Rd6 21. e4 Ba7 22. b4 Nc6 23. a3 Ne5 24. exd5 exd5 25. Rxd5 Rxd5 26. Bxd5+ Kh8 27. h3 g5 28. Kg2 Rf6 29. Ne4 Rf8 30. Bb7 Nd3 31. Rf1 Re8 32. f3 Re6 33. Rd1 Ne5 34. Rd8+ Kg7 35. Bd5 Rg6 36. Re8 Bd4 37. Nc5 Bxc5 38. bxc5 Nc4 39. Rg8+ Kh7 40. Rxg6 Kxg6 41. Bxc4 1-0

[Event "Berlin Lichtenberger op 7th"]
[Site "Berlin"]
[Date "2008.08.20"]
[Round "5"]
[White "Schneider, Eckehard"]
[Black "Jansen, Robert"]
[Result "1-0"]
[WhiteElo "1802"]
[BlackElo "1274"]
[PlyCount "39"]
[EventDate "2008.08.16"]
[EventType "swiss"]
[EventRounds "9"]
[EventCountry "GER"]
[SourceTitle "CBM 126 Extra"]
[Source "ChessBase"]
[SourceDate "2008.11.05"]
[SourceVersion "1"]
[SourceVersionDate "2008.11.05"]
[SourceQuality "1"]

1. e4 e5 2. Nf3 Nc6 3. d4 exd4 4. Nxd4 Bc5 5. Nxc6 bxc6 6. Bd3 d6 7. 0-0 h6 8. Re1 Be6 9. Be3 Bb6 10. Nc3 Nf6 11. Qf3 Qd7 12. h3 0-0 13. Bxh6 gxh6 14. Qxf6 Rfe8 15. Qxh6 f5 16. exf5 Bxf5 17. Rxe8+ Rxe8 18. Qg5+ Kh8 19. Bxf5 Rg8 20. Qh6+ 1-0

[Event "Berlin Lichtenberger op 7th"]
[Site "Berlin"]
[Date "2008.08.18"]
[Round "3"]
[White "Segerberg, Tomas Olof"]
[Black "Jansen, Robert"]
[Result "1-0"]
[WhiteElo "1845"]
[BlackElo "1274"]
[PlyCount "127"]
[EventDate "2008.08.16"]
[EventType "swiss"]
[EventRounds "9"]
[EventCountry "GER"]
[SourceTitle "CBM 126 Extra"]
[Source "ChessBase"]
[SourceDate "2008.11.05"]
[SourceVersion "1"]
[SourceVersionDate "2008.11.05"]
[SourceQuality "1"]

1. e4 e5 2. Nf3 Nc6 3. d4 exd4 4. Nxd4 Bc5 5. Nf5 Qf6 6. Nc3 Nge7 7. Nd5 Nxd5 8. Qxd5 d6 9. Bb5 0-0 10. 0-0 Be6 11. Qd3 Ne5 12. Qh3 Ng6 13. Bd3 c6 14. Qg3 Rad8 15. Bg5 Qxb2 16. Bxd8 Rxd8 17. Rfb1 Qf6 18. Rd1 d5 19. Ne3 Bd6 20. Qf3 Nf4 21. Ng4 Qg5 22. Ne3 Bh3 23. exd5 Bc5 24. Re1 Bxe3 25. g3 Bc5 26. Qe4 Nxd3 27. cxd3 Qf6 28. Qe2 h5 29. Rac1 b6 30. Rc4 g5 31. dxc6 Qxc6 32. Qe4 Qf6 33. Rc2 Bf5 34. Qe5 Qg6 35. Qc7 Rd7 36. Re8+ Kg7 37. Qe5+ f6 38. Qb8 Kh6 39. Rce2 Bxd3 40. Rh8+ Rh7 41. Rxh7+ Kxh7 42. Re8 Qf7 43. Rc8 Kh6 44. Rc7 Bxf2+ 45. Kxf2 Qxa2+ 46. Ke3 Qe2+ 47. Kd4 Qe4+ 48. Kc3 Qe1+ 49. Kxd3 Qd1+ 50. Kc4 Qc2+ 51. Kb5 Qd3+ 52. Kc6 Qe4+ 53. Kd7 Qf5+ 54. Ke8 Qe4+ 55. Kd8 Qd5+ 56. Kc8 Qg8+ 57. Kb7 Qd5+ 58. Rc6 b5 59. Qf8+ Kg6 60. Qxf6+ Kh7 61. Qg6+ Kh8 62. Qxh5+ Kg8 63. Qg6+ Kf8 64. Qf6+ 1-0

[Event "Berlin Lichtenberger op 7th"]
[Site "Berlin"]
[Date "2008.08.16"]
[Round "1"]
[White "Kapp, Stefan"]
[Black "Jansen, Robert"]
[Result "1-0"]
[WhiteElo "2093"]
[BlackElo "1274"]
[PlyCount "49"]
[EventDate "2008.08.16"]
[EventType "swiss"]
[EventRounds "9"]
[EventCountry "GER"]
[SourceTitle "CBM 126 Extra"]
[Source "ChessBase"]
[SourceDate "2008.11.05"]
[SourceVersion "1"]
[SourceVersionDate "2008.11.05"]
[SourceQuality "1"]

1. d4 d5 2. c4 e6 3. Nc3 c6 4. Nf3 h6 5. cxd5 cxd5 6. e3 a6 7. Bd3 Nc6 8. 0-0 Bd6 9. e4 dxe4 10. Bxe4 Nf6 11. d5 Ne7 12. dxe6 Bxe6 13. Bxb7 Ra7 14. Ne4 Nxe4 15. Bxe4 0-0 16. Nd4 Bc4 17. Re1 Rd7 18. Qg4 Ng6 19. Bxg6 fxg6 20. Nc6 Qb6 21. Qxc4+ Kh8 22. Be3 Qc7 23. g3 Rf5 24. Bf4 Bxf4 25. Re8+ 1-0